000 00650nam a2200253Ia 4500
001 AUWbook000849
003 BDCtgAUW
005 20260406154927.0
008 220908s9999 xx 000 0 eng d
040 _aBDCtgAUW
_cBDCtgAUW
050 _aDS99.P17V3
100 1 _aVaughan, Agnes Carr.
_96963
245 0 _aZenobia of palmyra.
250 _aFirst edition.
260 _aNew York :
_bDoubleday,
_c1967.
650 0 _aWorld history.
651 0 _aSyria
_xCivilization.
_979393
651 0 _aSyria
_xHistory.
_979113
651 0 _aSyria
_xHistory
_x1260
_x1516.
_979394
887 _a BRAC
_22982
888 _22982
942 _cBK
_00
945 _cBK
999 _c16927
_d16927